00302nam a2200097 a 4500008004100000050001100041100002000052245002700072260009600099350000900195120416s2001 ||||||||||||||||| || u aTHESIS aNdhlovu, Paul R10aKamwala transit centre aKitwebCopperbelt University, School of Built Environment, Department of Architecturec2001 a0.00